| 000 | 00356nam a22001457a 4500 | ||
|---|---|---|---|
| 020 | _qPB. | ||
| 040 | _cFIZZA ISHAQ | ||
| 082 |
_a621.382 _bJOH |
||
| 100 |
_aPROAKIS,G.JOHN. _990981 |
||
| 245 |
_aDIGITAL COMMUNICATIONS / _cJOHN G. PROAKIS. |
||
| 250 | _a5TH ED. | ||
| 260 |
_aNEW DELHI ; _bMC GRAW HILL, _c2008. |
||
| 300 | _a2008 P. ; | ||
| 942 |
_2ddc _cBK |
||
| 999 |
_c593866 _d593866 |
||